UK Politics: Governement Spending - Statistics

General Stats
  • This quiz has been taken 237 times
  • The average score is 3 of 10
Answer Stats
Spending Area of Government Spending % Correct
£119bn Health
92%
£38bn Defence
80%
£88bn Education
80%
£23bn Transport
41%
£30bn Debt Interest
5%
£190bn Social Protection
2%
£30bn Housing and Enviroment
0%
£21bn Industry, Agriculture and Emplooyment
0%
£29bn Personal Social Services
0%
£36bn Public Order and Safety
0%
No matching quizzes found
Score Distribution
Percent of People with Each Score
Percentile by Number Answered
Your Score History
You have not taken this quiz